Sabrina Carpenter - Paroles Never Getting Laid - Statistiques

Statistiques générales
  • Ce quiz a été pris 21 fois
  • Le résultat moyen est 239 sur 285
Statistiques - réponses
Hint Réponse % Correct
I
100%
(Oh)
100%
you
100%
You
100%
a
94%
A
94%
and
94%
And
94%
(And
94%
forever
94%
(Forever,
94%
get
94%
getting
94%
hm)
94%
laid
94%
(Laid,
94%
Love
94%
love
94%
me,
94%
mm)
94%
mm,
94%
never
94%
of
94%
When
94%
when
94%
where
94%
your
94%
angry
88%
are
88%
Refrain Baby,
88%
but
88%
day
88%
days
88%
From
88%
girl
88%
happiness
88%
hope
88%
I'm
88%
just
88%
know
88%
lifetime
88%
live
88%
night
88%
No
88%
not
88%
On
88%
other
88%
same
88%
so
88%
sunny
88%
(Sunny)
88%
the
88%
to
88%
To
88%
Couplet 1 We
88%
we
88%
what
88%
wish
88%
Wish
88%
all
81%
big
81%
Boy,
81%
come
81%
full
81%
is
81%
like
81%
pane
81%
said
81%
some
81%
switch
81%
this?
81%
this
81%
tits
81%
Us
81%
were
81%
who
81%
why
81%
window
81%
with
81%
agoraphobia
75%
am
75%
(am
75%
any
75%
at
75%
Couplet 3 At
75%
be
75%
confident
75%
(Confident)
75%
could
75%
did
75%
didn't
75%
drink
75%
end
75%
enough
75%
fight
75%
find
75%
fun,
75%
given
75%
gives?
75%
good
75%
happy,
75%
have
75%
hit
75%
How
75%
it
75%
lips
75%
lot
75%
mind
75%
mix
75%
need
75%
nothing
75%
rainbow
75%
right?
75%
right?)
75%
right
75%
state
75%
still
75%
Pré-refrain That
75%
thought
75%
up?
75%
up
75%
using
75%
Pré-refrain Was
75%
was
75%
watch
75%
you're
75%
anyway
69%
Call
69%
called
69%
(called
69%
can't
69%
'Cause
69%
flip
69%
girls
69%
got
69%
hand
69%
inside
69%
nice
69%
nice)
69%
only
69%
peace,
69%
stressful,
69%
think
69%
thinkin'
69%
'Til
69%
very
69%
(very
69%
way
69%
whole
69%
yeah,
69%
yesterday)
69%
abstinence
63%
bitch
63%
crack
63%
drift
63%
quits
63%
quits)
63%
wander
63%
neighboring
56%
boys
50%
Miller
50%
schedule
50%
you've
44%
Lite,
31%
Aucun quiz correspondant
Distribution des résultats
% des personnes avec chaque résultat
Percentile par nombre de réponses
Votre historique - résultats
Vous n’avez pas pris ce quiz